000 00528nam a2200181Ia 4500
008 090630s9999 xx 000 0 und d
082 _b12791
100 _aFriends of Peace Pilgrim.
245 _aSteps Toward Innere Peace.
_cFriends of Peace Pilgrim.
260 _bCataloging in Publication.
_c1981
300 _a32
600 _aFriends of Peace Pilgrim.
630 _aSteps Toward Innere Peace.
655 _aEnglish.
700 _aFriends of Peace Pilgrim.
730 _aSteps Toward Innere Peace.
942 _cBOOK
999 _c264647
_d264647